Kliknij stolicę z Ameryki Północnej na mapie - Statystyki

Ogólne statystyki
  • Ten quiz został rozwiązany 15 razy
  • Średni wynik to 12 z 23
Odpowiedzi na mapie
Odpowiedzi zakodowano w zielono-czerwonej skali na mapie do tego quizu, zgodnie z poniższymi procentami.
 
Statystyki odpowiedzi
Odpowiedź % Poprawnych
Hawana
92%
Panama
85%
Santo Domingo
85%
Ottawa
77%
San Salvador
77%
Waszyngton
77%
Gwatemala
69%
Meksyk
69%
Kingston
54%
Nassau
54%
Port-of-Spain
54%
Belmopan
46%
Port-au-Prince
46%
San Jose
46%
Castries
38%
Managua
38%
Roseau
38%
Saint George's
38%
Tegucigalpa
38%
Bridgetown
31%
Kingstown
31%
Saint John's
31%
Basseterre
23%
Nie znaleziono quizów pasujących do podanych kryteriów
Rozkład punktacji
Procent ludzi z każdym wynikiem
Percentyl według liczby udzielonych odpowiedzi
Twoja historia wyników
Nie rozwiązałeś tego quizu